Loading...
| Literature - British | 0 | 7 | 0 | 0 | 70 | 70 | 90.57 | 0 | 2 | 0.00 | 0.00 |
| History - European | 0 | 7 | 0 | 1 | 70 | 66 | 79.29 | 1 | 4 | 0.00 | 0.00 |
| Literature - American | 0 | 5 | 0 | 0 | 50 | 77 | 93.80 | 0 | 2 | 0.00 | 0.00 |
| History - American | 0 | 5 | 1 | 0 | 45 | 53 | 80.00 | 1 | 2 | 0.00 | 0.00 |
| Philosophy | 0 | 5 | 1 | 0 | 45 | 50 | 78.60 | 1 | 3 | 0.00 | 0.00 |
| Social Science | 0 | 4 | 0 | 0 | 40 | 72 | 89.50 | 0 | 0 | 0.00 | 0.00 |
| Literature - European | 0 | 4 | 0 | 0 | 40 | 75 | 84.50 | 1 | 3 | 0.00 | 0.00 |
| Religion | 0 | 3 | 1 | 1 | 25 | 96 | 112.67 | 0 | 0 | 0.00 | 0.00 |
| Science - Biology | 0 | 3 | 1 | 3 | 25 | 108 | 114.00 | 0 | 0 | 0.00 | 0.00 |
| History - World | 0 | 2 | 0 | 0 | 20 | 34 | 34.50 | 1 | 2 | 0.00 | 0.00 |
| Science - Other | 0 | 2 | 0 | 0 | 20 | 85 | 102.00 | 0 | 0 | 0.00 | 0.00 |
| Fine Arts - Other | 0 | 2 | 1 | 0 | 15 | 110 | 112.50 | 0 | 0 | 0.00 | 0.00 |
| Fine Arts - Classical Music | 0 | 2 | 1 | 0 | 15 | 47 | 73.50 | 0 | 1 | 0.00 | 0.00 |
| Geography | 0 | 1 | 0 | 0 | 10 | 71 | 71.00 | 1 | 1 | 0.00 | 0.00 |
| Fine Arts - Painting and Sculpture | 0 | 1 | 0 | 0 | 10 | 102 | 102.00 | 0 | 1 | 0.00 | 0.00 |
| Current Events | 0 | 1 | 0 | 0 | 10 | 50 | 50.00 | 0 | 0 | 0.00 | 0.00 |
| Other Academic | 0 | 1 | 0 | 1 | 10 | 125 | 125.00 | 0 | 0 | 0.00 | 0.00 |
| Popular Culture | 0 | 1 | 0 | 1 | 10 | 138 | 138.00 | 0 | 0 | 0.00 | 0.00 |
| Science - Chemistry | 0 | 0 | 1 | 0 | -5 | 0.00 | 0 | 0 | 0.00 | 0.00 | |
| Mythology | 0 | 0 | 1 | 0 | -5 | 0.00 | 0 | 0 | 0.00 | 0.00 | |
| Science - Physics | 0 | 0 | 1 | 0 | -5 | 0.00 | 0 | 0 | 0.00 | 0.00 | |
| History - Other | 0 | 0 | 1 | 0 | -5 | 0.00 | 0 | 0 | 0.00 | 0.00 |